01007cam a2200253 a 450000100100000000500170001000800410002702000150006804000300008304100380011308200180015110000410016924500750021026000430028530000210032850000980034953400400044765000310048765000350051870000300055391000340058395201210061799900150073800000396020200929150636.0910528s1993 ag 001 f spa  a9501513106 aDO-SdBNPcDLCdDLCdOCoLC17aspaaeng2Código de idioma MARC a813.54bA425p1 aAllen, Charlotte Vale,d1941-91190210aPagaras tu culpa /cCharlotte Vale Allen ; Tradución, Aníbal Leal. aBuenos Aires :bJavier Vergara,c1993. a615 p. ;c23 cm. aTres generaciones de mujeres de excepcional coraje en una historia dramática e inolvidable. aTítulo original: Leftover Dreams. 4aNovela estadounidense9262 4aLiteratura estadounidense92631 aLeal, Aníbaletr.94573 aCatalogación por copia / LC 001052708MOaGRbGRcHDd2009-07-15iLF1l0o813.54 A425pp3960-10r2020-06-25w2020-06-25y2ZPréstamo interno c3779d3779